| 000 | 01540nam a2200385 i 4500 | ||
|---|---|---|---|
| 001 | 000047885 | ||
| 003 | DO-SdBNP | ||
| 005 | 20260409130250.0 | ||
| 007 | ta | ||
| 008 | 090630s2018 dr 000 0 spa d | ||
| 020 | _89789945503272 | ||
| 040 |
_aDO-SdBNP _bspa _cBNPHU _espa |
||
| 041 | _aspa | ||
| 082 | 4 |
_a972.9303 _bD325t _222 |
|
| 100 | 1 |
_aDeive, Carlos Esteban, _d1935-2019 _eautor _4aut. _91916 |
|
| 245 | 1 | 0 |
_aToussaint Louverture : _bla rebelión negra de 1791 y Santo Domingo / _cCarlos Esteban Deive. |
| 264 | 4 |
_aSanto Domingo, República Dominicana : _bEditora Nacional, _c©2018. |
|
| 300 |
_a361 páginas ; _c23 cm. |
||
| 336 |
_atexto _btxt _2rdacontent |
||
| 337 |
_asin mediación _bn _2rdamedia |
||
| 338 |
_avolumen _bnc _2rdacarrier |
||
| 500 | _aIncluye datos biográficos del autor en la solapa de la cubierta | ||
| 500 | _aJurado: Marcio Veloz Maggiolo, César Cuello y José Antinoe Fiallo | ||
| 504 | _aBibliografía : páginas 347-356 | ||
| 586 | _aPremio Anual de Historia José Gabriel García 2017 | ||
| 590 | _aInventariado, 2018/ VM | ||
| 600 | 1 | 0 |
_aToussaint Louverture _d1743-1803. _975451 |
| 650 | 7 |
_aEsclavitud _zRepública Dominicana _xHistoria _y1492-1844 _96645 |
|
| 651 | 7 |
_aRepública Dominicana _xHistoria _yHasta, 1844 _9138 |
|
| 651 | 7 |
_aHaití _xHistoria _yRevolución, 1791-1804. _99645 |
|
| 651 | 7 |
_aHaití _xRelaciones _zRepública Dominicana. _92614 |
|
| 651 | 7 |
_aRepública Dominicana. _xRelaciones _zHaití _95153 |
|
| 910 | _aValidado. Control de calidad MFF | ||
| 942 |
_2ddc _cLBS1 |
||
| 999 |
_c47373 _d47373 |
||